Lecciones de economía española / (Record no. 11891)

MARC details
000 -LEADER
campo de control de longitud fija 01120nam a2200289 i 4500
001 - NÚMERO DE CONTROL
campo de control 11891
003 - IDENTIFICADOR DE NÚMERO DE CONTROL
campo de control ES-MaACL
005 - FECHA Y HORA DE LA ÚLTIMA TRANSACCIÓN
campo de control 20250928131003.0
007 - CAMPO FIJO DE DESCRIPCIÓN FÍSICA--INFORMACIÓN GENERAL
campo de control de longitud fija t|
008 - DATOS DE LONGITUD FIJA--INFORMACIÓN GENERAL
campo de control de longitud fija 940214r19951996sp |||| | spa
020 ## - NÚMERO INTERNACIONAL ESTÁNDAR DEL LIBRO
Número Internacional Estándar del Libro 84-470-0603-4
080 ## - NÚMERO DE LA CLASIFICACIÓN DECIMAL UNIVERSAL
Número de la Clasificación Decimal Universal 338.1(460)(075.8)
245 00 - MENCIÓN DEL TÍTULO
Título Lecciones de economía española /
Mención de responsabilidad, etc. José Luis García Delgado (director) ; Rafael Myro y José A. Martínez Serrano (codirectores) ; José Antonio Alonso ... [et al.].
250 ## - MENCION DE EDICION
Mención de edición 2ª ed., 1ª reimp.
260 ## - PUBLICACIÓN, DISTRIBUCIÓN, ETC.
Lugar de publicación, distribución, etc. Madrid :
Nombre del editor, distribuidor, etc. Civitas,
Fecha de publicación, distribución, etc. 1995 (
Fecha de fabricación/manufactura 1996 imp.)
300 ## - DESCRIPCIÓN FÍSICA
Extensión 640 p. ;
Dimensiones 24 cm.
490 1# - MENCIÓN DE SERIE
Mención de serie Biblioteca Civitas economía y empresa. Colección economía ;
Designación de volumen o secuencia 4
651 #4 - PUNTO DE ACCESO ADICIONAL DE MATERIA--NOMBRE GEOGRÁFICO
Nombre geográfico España-
Subdivisión general Situación económica.
9 (RLIN) 8498
651 #4 - PUNTO DE ACCESO ADICIONAL DE MATERIA--NOMBRE GEOGRÁFICO
Nombre geográfico España-
Subdivisión general Política económica.
9 (RLIN) 8405
700 1# - ENTRADA AGREGADA--NOMBRE PERSONAL
Nombre de persona García Delgado, José Luis.
9 (RLIN) 54528
700 1# - ENTRADA AGREGADA--NOMBRE PERSONAL
Nombre de persona Myro, Rafael.
9 (RLIN) 84768
700 1# - ENTRADA AGREGADA--NOMBRE PERSONAL
Nombre de persona Martínez Serrano, José A.
9 (RLIN) 78425
700 1# - ENTRADA AGREGADA--NOMBRE PERSONAL
Nombre de persona Alonso, José Antonio,
Fechas asociadas al nombre 1954-
9 (RLIN) 20213
830 10 - PUNTO DE ACCESO ADICIONAL DE SERIE-TÍTULO UNIFORME
Título uniforme Biblioteca Civitas economía y empresa.
Nombre de parte o sección de la obra Colección economía
Designación de volumen o secuencia 4
9 (RLIN) 179738
852 ## - LOCALIZACIÓN
Ubicación ES-MaACL
Número de control de estantería L-19133
Holdings
Estatus retirado Estado de pérdida Estado de daño No para préstamo Biblioteca de origen Biblioteca actual Ubicación en estantería Fecha de adquisición Fuente de adquisición Total de préstamos Signatura topográfica completa Código de barras Visto por última vez Precio de reemplazo Tipo de ítem Koha
        Biblioteca del Ateneo de Madrid Biblioteca del Ateneo de Madrid Depósito 2 17/01/2008     L-19133 1012118 23/02/2023 23/02/2023 Libro impreso